Statistiques concernant Slimane - Mon Amour (Paroles)

Cliquez ici pour prendre le quiz!

Statistiques générales

  • Ce quiz a été pris 150 fois
  • Le résultat moyen est 151 sur 194

Statistiques - réponses

Paroles% Correct
a
99%
à
99%
Mon
97%
mon
97%
amour
96%
Amour
96%
tu
96%
quoi
93%
quoi?
93%
je
92%
ce
91%
Moi
89%
moi
89%
pas
87%
pour
87%
la
86%
penses
86%
Dis
85%
dis
85%
ma
85%
t'aime
85%
te
85%
que
83%
de
82%
ou
81%
si
81%
pourqoui
80%
pourquoi
80%
qui
80%
un
80%
en
78%
est
78%
le
78%
on
78%
toujours
78%
c'est
77%
peine
77%
tout
77%
même
76%
nous
76%
scène
76%
ça
75%
fait
75%
recommence
75%
rejoue
75%
j'sais
74%
m'aimes
74%
sens
74%
mais
73%
vous
71%
n'entends
69%
fin
68%
rendez
68%
souviens
68%
Paris
66%
premier
66%
fais
65%
dérange
64%
j'te
64%
c'était
63%
du
63%
sais
63%
ferai
62%
dans
61%
reviens
61%
supplie
59%
allez
58%
fou
58%
océan
58%
veux
58%
feu
56%
peux
56%
oh
54%
j'ai
51%
compris
48%
t'attendrai
48%
c'que
47%
promets
45%
l'impossible
44%
bête
41%
l'endroit
40%
t'en
39%
d'espoir
38%
rempli
38%
n'viens
30%
sésolé
9%

Distribution des résultats

Percentile par nombre de réponses

% des personnes avec chaque résultat

Votre développement - résultats

Vous n’avez pas pris ce quiz